[Event "Nova Petropolis Gaucho op"]
[Site "Nova Petropolis"]
[Date "2015.03.15"]
[Round "6"]
[White "Da Silva Neto, Armando Jr"]
[Black "Lopes da Luz, Paulo"]
[Result "1-0"]
[WhiteElo "1800"]
[BlackElo "1798"]
[PlyCount "59"]
[EventDate "2015.03.13"]
[EventType "swiss"]
[EventRounds "7"]
[EventCountry "BRA"]
[SourceTitle "CBM 165 Extra"]
[Source "ChessBase"]
[SourceDate "2015.04.21"]
[SourceVersion "1"]
[SourceVersionDate "2015.04.21"]
[SourceQuality "1"]

1. d4 d5 2. c4 e6 3. Nc3 Nf6 4. Bg5 Be7 5. e3 0-0 6. Nf3 Nbd7 7. Rc1 a6 8. c5 h6 9. Bh4 Re8 10. Bd3 c6 11. h3 Bf8 12. Bg3 Kh8 13. Bb1 Be7 14. Qd3 Nf8 15. Ne5 Kg8 16. 0-0 Nh5 17. Bh2 f5 18. Qe2 Nf6 19. f3 Bd7 20. Kh1 b6 21. Na4 b5 22. Nb6 Ra7 23. Nbxd7 N6xd7 24. Nxc6 Qa8 25. Nxa7 Qxa7 26. Bd3 Nf6 27. a4 bxa4 28. Ra1 Qd7 29. Bxa6 Rb8 30. Bxb8 1-0

[Event "Latin Cup"]
[Site "Montevideo"]
[Date "2011.11.07"]
[Round "8"]
[White "Lopes da Luz, Paulo"]
[Black "Britos, Alejandro"]
[Result "0-1"]
[WhiteElo "1798"]
[BlackElo "2052"]
[PlyCount "60"]
[EventDate "2011.11.01"]
[EventType "swiss"]
[EventRounds "9"]
[EventCountry "URU"]
[SourceTitle "EXT 2012"]
[Source "ChessBase"]
[SourceDate "2011.11.24"]
[SourceVersion "1"]
[SourceVersionDate "2011.11.24"]
[SourceQuality "1"]

1. e4 c5 2. Nf3 Qc7 3. d4 cxd4 4. Nxd4 a6 5. Nc3 e6 6. a3 b5 7. g3 Bb7 8. Bg2 b4 9. axb4 Bxb4 10. Qd3 Nf6 11. 0-0 h5 12. Ra4 Be7 13. Rc4 Nc6 14. b4 Qb8 15. Bf4 Qd8 16. Nxc6 Bxc6 17. Bd6 h4 18. f4 hxg3 19. h3 Qb6+ 20. Rc5 Rc8 21. Kh1 Ng4 22. Qxg3 Bxd6 23. Rxc6 Qxc6 24. e5 Qxc3 25. Qxg4 Bf8 26. Rf3 Qxb4 27. Rb3 Qd4 28. c3 Qf2 29. Rb1 g6 30. Be4 Qh4 0-1

[Event "Latin Cup"]
[Site "Montevideo"]
[Date "2011.11.04"]
[Round "6"]
[White "Lopes da Luz, Paulo"]
[Black "Izquierdo, Martin"]
[Result "1/2-1/2"]
[WhiteElo "1798"]
[BlackElo "1438"]
[PlyCount "70"]
[EventDate "2011.11.01"]
[EventType "swiss"]
[EventRounds "9"]
[EventCountry "URU"]
[SourceTitle "EXT 2012"]
[Source "ChessBase"]
[SourceDate "2011.11.24"]
[SourceVersion "1"]
[SourceVersionDate "2011.11.24"]
[SourceQuality "1"]

1. e4 c5 2. Nf3 d6 3. d4 cxd4 4. Nxd4 Nf6 5. Nc3 g6 6. Bg5 Bg7 7. Be2 0-0 8. Qd2 Nc6 9. Nb3 Bd7 10. f4 Rc8 11. h3 a6 12. a4 Qb6 13. a5 Qa7 14. Bf3 Ne8 15. 0-0-0 Nc7 16. Na4 Rcd8 17. Bh4 Rfe8 18. Bf2 Qb8 19. Nb6 Ne6 20. h4 Bh6 21. Nd5 Na7 22. g4 Bc6 23. g5 Bg7 24. h5 Bxd5 25. exd5 Nf8 26. Bd4 Nb5 27. Bxg7 Kxg7 28. Be4 Rc8 29. f5 Qc7 30. Nd4 Qc5 31. hxg6 Nxd4 32. Qxd4+ Qxd4 33. Rxd4 hxg6 34. Bd3 Nd7 35. Rdh4 Rh8 1/2-1/2

[Event "Latin Cup"]
[Site "Montevideo"]
[Date "2011.11.03"]
[Round "4"]
[White "Lopes da Luz, Paulo"]
[Black "Passos Coutinho, Eduardo"]
[Result "0-1"]
[WhiteElo "1798"]
[BlackElo "1810"]
[PlyCount "38"]
[EventDate "2011.11.01"]
[EventType "swiss"]
[EventRounds "9"]
[EventCountry "URU"]
[SourceTitle "EXT 2012"]
[Source "ChessBase"]
[SourceDate "2011.11.24"]
[SourceVersion "1"]
[SourceVersionDate "2011.11.24"]
[SourceQuality "1"]

1. e4 c5 2. Nf3 d6 3. d4 cxd4 4. Nxd4 Nf6 5. Nc3 a6 6. Bg5 e6 7. f4 Be7 8. Qf3 Qc7 9. 0-0-0 h6 10. Bh4 Nbd7 11. g4 b5 12. Bxf6 Nxf6 13. g5 hxg5 14. fxg5 Nd7 15. h4 Ne5 16. Qg3 Bb7 17. Be2 b4 18. Na4 Bxe4 19. Rd2 Bxh1 0-1

[Event "Latin Cup"]
[Site "Montevideo"]
[Date "2011.11.01"]
[Round "1"]
[White "Genta, Alejandro"]
[Black "Lopes da Luz, Paulo"]
[Result "1-0"]
[WhiteElo "2123"]
[BlackElo "1798"]
[PlyCount "57"]
[EventDate "2011.11.01"]
[EventType "swiss"]
[EventRounds "9"]
[EventCountry "URU"]
[SourceTitle "EXT 2012"]
[Source "ChessBase"]
[SourceDate "2011.11.24"]
[SourceVersion "1"]
[SourceVersionDate "2011.11.24"]
[SourceQuality "1"]

1. d4 d5 2. Nf3 Nf6 3. c4 e6 4. Nc3 Be7 5. Bg5 0-0 6. e3 c6 7. Rc1 Nbd7 8. Bd3 h6 9. Bh4 Re8 10. 0-0 dxc4 11. Bxc4 Nd5 12. Bg3 N7f6 13. Nd2 Bd6 14. e4 Nxc3 15. bxc3 e5 16. Qb3 Qc7 17. a4 Nh5 18. dxe5 Bxe5 19. Bxe5 Rxe5 20. f4 Re7 21. e5 Bf5 22. Qd1 Qb6+ 23. Kh1 Rd8 24. Qxh5 g6 25. Qe2 h5 26. Ne4 Kg7 27. Rce1 a6 28. h3 Red7 29. Nd6 1-0